The nature of the judicial process / (Record no. 822)
[ view plain ]
| 000 -LEADER | |
|---|---|
| fixed length control field | 00757nam a2200217 4500 |
| 001 - CONTROL NUMBER | |
| control field | FRBNF37438270000000X |
| 003 - CONTROL NUMBER IDENTIFIER | |
| control field | http://catalogue.bnf.fr/ark:/12148/cb374382709 |
| 005 - DATE AND TIME OF LATEST TRANSACTION | |
| control field | 20241107153251.0 |
| 008 - FIXED-LENGTH DATA ELEMENTS--GENERAL INFORMATION | |
| fixed length control field | 241107b |||||||| |||| 00| 0 eng d |
| 020 ## - INTERNATIONAL STANDARD BOOK NUMBER | |
| International Standard Book Number | 9781610279826 |
| 040 ## - | |
| -- | Central University Library |
| 050 ## - LIBRARY OF CONGRESS CALL NUMBER | |
| Classification number | KF380 |
| Item number | .C32 1921 |
| 100 ## - MAIN ENTRY--PERSONAL NAME | |
| Personal name | Cardozo, Benjamin N. |
| 245 ## - TITLE STATEMENT | |
| Title | The nature of the judicial process / |
| Statement of responsibility, etc. | Cardozo, Benjamin N. ; foreword by: Andrew L. Kaufman |
| 260 ## - PUBLICATION, DISTRIBUTION, ETC. | |
| Place of publication, distribution, etc. | New Orleans, Louisiana |
| Name of publisher, distributor, etc. | Quid Pro Books |
| Date of publication, distribution, etc. | c2010 |
| 300 ## - PHYSICAL DESCRIPTION | |
| Extent | 120 pages; |
| Dimensions | 22cm |
| 490 ## - | |
| -- | Legal Legends Series |
| 650 ## - SUBJECT ADDED ENTRY--TOPICAL TERM | |
| Source of heading or term | Judicial Process |
| 700 ## - ADDED ENTRY--PERSONAL NAME | |
| Materials specified | 12343132 |
| Arranged statement for music | ISNI0000000110444818 |
| Personal name | Cardozo |
| Numeration | Benjamin Nathan |
| Date of a work | 1870-1938 |
| Relationship | 070 |
| 942 ## - ADDED ENTRY ELEMENTS (KOHA) | |
| Source of classification or shelving scheme | Library of Congress Classification |
| Koha item type | Books |
| Suppress in OPAC | No |
| 999 ## - | |
| -- | 822 |
| -- | 822 |
| Withdrawn status | Lost status | Source of classification or shelving scheme | Damaged status | Not for loan | Collection | Home library | Current library | Shelving location | Date acquired | Total checkouts | Full call number | Barcode | Date last seen | Copy number | Price effective from | Koha item type |
|---|---|---|---|---|---|---|---|---|---|---|---|---|---|---|---|---|
| Library of Congress Classification | Non-fiction | Law Library (Christ Temple) | Law Library (Christ Temple) | General stacks | 02/03/2025 | KF380.C32 CAR | LLCT00000347 | 02/03/2025 | 3 | 02/03/2025 | Books | |||||
| Library of Congress Classification | Non-fiction | Law Library (Christ Temple) | Law Library (Christ Temple) | General stacks | 02/03/2025 | KF380.C32 CAR | LLCT00000348 | 02/03/2025 | 4 | 02/03/2025 | Books | |||||
| Library of Congress Classification | Non-fiction | Law Library (Christ Temple) | Law Library (Christ Temple) | General stacks | 02/07/2025 | KF380.C32 CAR | LLCT00000358 | 02/07/2025 | 5 | 02/07/2025 | Books | |||||
| Library of Congress Classification | Non-fiction | Law Library (Christ Temple) | Law Library (Christ Temple) | General stacks | 02/07/2025 | KF380.C32 CAR | LLCT00000359 | 02/07/2025 | 6 | 02/07/2025 | Books | |||||
| Library of Congress Classification | Non-fiction | Law Library (Miotso) | Law Library (Miotso) | General stacks | 11/07/2024 | KF380.C32 CAR | llm00000697 | 11/07/2024 | 1 | 11/07/2024 | Books | |||||
| Library of Congress Classification | Non-fiction | Law Library (Miotso) | Law Library (Miotso) | General stacks | 11/07/2024 | KF380.C32 CAR | llm00000698 | 11/07/2024 | 2 | 11/07/2024 | Books |